Statistics for Countries of the World: Geography Quiz (Tile Select)

Click here to take the quiz!

General Stats

  • This quiz has been taken 104 times
  • The average score is 112 of 160

Answer Stats

QuestionTileSelect% Correct
Countries with territory (including overseas territories and/or dependencies) in more than one continentMoroccoNo
98%
Countries with territory (including overseas territories and/or dependencies) in more than one continentSouth KoreaNo
98%
Countries with territory (including overseas territories and/or dependencies) in more than one continentFranceYes
94%
Countries with territory (including overseas territories and/or dependencies) in more than one continentIndiaNo
93%
Countries that share a land border with only one other countrySpainNo
93%
Countries that share a land border with only one other countryCosta RicaNo
92%
Countries with more than one capital city (de facto and/or de jure)LaosNo
92%
Countries that share a land border with only one other countryGreeceNo
91%
Countries with territory (including overseas territories and/or dependencies) in more than one continentUnited KingdomYes
91%
Countries with territory (including overseas territories and/or dependencies) in more than one continentCanadaNo
90%
Countries that share a land border with only one other countryPhilippinesNo
90%
Countries with more than one capital city (de facto and/or de jure)SerbiaNo
90%
Countries with territory (including overseas territories and/or dependencies) in more than one continentSouth AfricaNo
90%
Countries with territory (including overseas territories and/or dependencies) in more than one continentSwedenNo
90%
Countries that share a land border with only one other countryUruguayNo
90%
Countries with territory (including overseas territories and/or dependencies) in more than one continentUnited StatesYes
89%
Countries with more than one capital city (de facto and/or de jure)ArgentinaNo
88%
Landlocked countriesBangladeshNo
88%
Countries with more than one capital city (de facto and/or de jure)CanadaNo
88%
Island countriesDjiboutiNo
88%
Countries with territory (including overseas territories and/or dependencies) in more than one continentGermanyNo
88%
Countries that share a land border with only one other countryIndonesiaNo
88%
Island countriesNetherlandsNo
88%
Countries with coastline on two (or more) different oceansVenezuelaNo
88%
Countries with coastline on two (or more) different oceansBelizeNo
87%
Countries with coastline on two (or more) different oceansBrazilNo
87%
Countries of the Arctic (region)GermanyNo
87%
Island countriesMonacoNo
87%
Countries of the Arctic (region)NetherlandsNo
87%
Countries with more than one capital city (de facto and/or de jure)NicaraguaNo
87%
Landlocked countriesPolandNo
87%
Countries with coastline on two (or more) different oceansSomaliaNo
87%
Countries with more than one capital city (de facto and/or de jure)UkraineNo
87%
Countries of the Arctic (region)BelarusNo
86%
Countries that share a land border with only one other countryBangladeshNo
85%
Island countriesBelizeNo
85%
Countries with territory (including overseas territories and/or dependencies) in more than one continentChinaNo
85%
Island countriesEquatorial GuineaNo
85%
Countries of the Arctic (region)FranceNo
85%
Countries with more than one capital city (de facto and/or de jure)South AfricaYes
85%
Countries that share a land border with only one other countrySri LankaNo
85%
Countries of the Arctic (region)ChinaNo
84%
Island countriesGreeceNo
84%
Countries with territorial claims in AntarcticaPeruNo
84%
Island countriesDenmarkNo
82%
Countries that share a land border with only one other countryHaitiYes
82%
Countries that share a land border with only one other countrySouth KoreaYes
82%
Countries of the Arctic (region)JapanNo
81%
Countries with coastline on two (or more) different oceansMoroccoNo
81%
Countries with territorial claims in AntarcticaUruguayNo
81%
Countries with more than one capital city (de facto and/or de jure)AustraliaNo
80%
Landlocked countriesAustriaYes
80%
Landlocked countriesHungaryYes
80%
Countries that share a land border with only one other countryPortugalYes
80%
Countries that share a land border with only one other countryIrelandYes
79%
Landlocked countriesNepalYes
79%
Countries with coastline on two (or more) different oceansSwedenNo
79%
Countries with coastline on two (or more) different oceansIndiaNo
78%
Landlocked countriesBosnia and HerzegovinaNo
77%
Countries with more than one capital city (de facto and/or de jure)BrazilNo
77%
Countries that share a land border with only one other countryCanadaYes
77%
Island countriesIcelandYes
77%
Landlocked countriesIraqNo
77%
Countries with territory (including overseas territories and/or dependencies) in more than one continentNetherlandsYes
77%
Countries of the Arctic (region)NorwayYes
77%
Countries that share a land border with only one other countryPapua New GuineaYes
77%
Countries with territorial claims in AntarcticaSwedenNo
77%
Countries that lie along the EquatorAngolaNo
76%
Countries with territorial claims in AntarcticaBrazilNo
76%
Island countriesCyprusYes
76%
Island countriesIrelandYes
76%
Countries with more than one capital city (de facto and/or de jure)SwitzerlandNo
76%
Countries with a coastal capital citySyriaNo
76%
Countries with coastline on two (or more) different oceansCanadaYes
75%
Countries of the Arctic (region)EstoniaNo
75%
Landlocked countriesJordanNo
75%
Island countriesMadagascarYes
75%
Island countriesMalaysiaNo
75%
Landlocked countriesParaguayYes
75%
Countries with coastline on two (or more) different oceansSaudi ArabiaNo
75%
Island countriesSri LankaYes
75%
Countries with a coastal capital cityTurkeyNo
75%
Countries with coastline on two (or more) different oceansAustraliaYes
74%
Countries of the Arctic (region)CanadaYes
74%
Landlocked countriesNigerYes
74%
Countries with coastline on two (or more) different oceansSouth AfricaYes
74%
Countries with territory (including overseas territories and/or dependencies) in more than one continentSpainYes
74%
Countries with a coastal capital cityAustraliaNo
73%
Landlocked countriesBotswanaYes
73%
Island countriesHaitiYes
73%
Countries with territorial claims in AntarcticaNetherlandsNo
73%
Countries of the Arctic (region)RussiaYes
73%
Landlocked countriesSerbiaYes
73%
Countries with a coastal capital cityDenmarkYes
72%
Landlocked countriesDR CongoNo
72%
Countries of the Arctic (region)IcelandYes
72%
Countries that lie along the EquatorSr LankaNo
72%
Landlocked countriesSloveniaNo
71%
Countries with territorial claims in AntarcticaUnited KingdomYes
71%
Countries that share a land border with only one other countryUnited KingdomYes
71%
Landlocked countriesEthiopiaYes
70%
Countries with territorial claims in AntarcticaArgentinaYes
68%
Countries with coastline on two (or more) different oceansCosta RicaYes
67%
Countries of the Arctic (region)United KingdomNo
67%
Countries with territorial claims in AntarcticaChinaNo
66%
Island countriesPapua New GuineaYes
66%
Countries with territorial claims in AntarcticaAustraliaYes
65%
Countries with territorial claims in AntarcticaChileYes
65%
Countries with a coastal capital cityMadagascarNo
65%
Countries with territory (including overseas territories and/or dependencies) in more than one continentRussiaYes
65%
Countries that share a land border with only one other countryBruneiYes
64%
Countries with a coastal capital cityGreeceYes
64%
Countries with a coastal capital citySwedenYes
64%
Countries that lie along the EquatorBrazilYes
63%
Countries with a coastal capital cityBangladeshNo
62%
Countries of the Arctic (region)FinlandYes
62%
Countries that lie along the EquatorIndonesiaYes
62%
Countries of the Arctic (region)SwedenYes
62%
Countries of the Arctic (region)United StatesYes
62%
Countries with more than one capital city (de facto and/or de jure)BoliviaYes
61%
Countries of the Arctic (region)DenmarkYes
61%
Countries that lie along the EquatorCameroonNo
59%
Countries that lie along the EquatorDR CongoYes
59%
Countries with territorial claims in AntarcticaNew ZealandYes
59%
Countries that lie along the EquatorSouth SudanNo
59%
Countries that lie along the EquatorTanzaniaNo
58%
Countries that lie along the EquatorMalaysiaNo
57%
Countries with a coastal capital cityJapanYes
56%
Countries with a coastal capital cityVietnamNo
56%
Countries with territorial claims in AntarcticaFranceYes
55%
Countries with a coastal capital cityArgentinaYes
54%
Countries with coastline on two (or more) different oceansColombiaYes
54%
Countries with territorial claims in AntarcticaNorwayYes
54%
Countries that lie along the EquatorColombiaYes
52%
Countries with a coastal capital cityPeruYes
52%
Countries with territorial claims in AntarcticaRussiaNo
52%
Countries with a coastal capital cityVenezuelaNo
52%
Countries that lie along the EquatorKenyaYes
51%
Countries that lie along the EquatorPapua New GuineaNo
51%
Island countriesBruneiYes
49%
Countries with coastline on two (or more) different oceansEgyptYes
48%
Countries with territorial claims in AntarcticaSouth AfricaNo
48%
Countries that lie along the EquatorPeruNo
45%
Countries with a coastal capital cityAngolaYes
42%
Countries with more than one capital city (de facto and/or de jure)NetherlandsYes
41%
Countries with more than one capital city (de facto and/or de jure)Sri LankaYes
41%
Countries with territory (including overseas territories and/or dependencies) in more than one continentTurkeyYes
40%
Countries with a coastal capital cityGhanaYes
39%
Countries that lie along the EquatorUgandaYes
38%
Countries that lie along the EquatorSomaliaYes
37%
Countries with territorial claims in AntarcticaUnited StatesNo
37%
Countries that lie along the EquatorMaldivesYes
35%
Countries with a coastal capital cityTaiwanNo
35%
Countries with territory (including overseas territories and/or dependencies) in more than one continentEgyptYes
31%
Countries with coastline on two (or more) different oceansThailandYes
30%
Countries with more than one capital city (de facto and/or de jure)Côte d'IvoireYes
26%
Countries with more than one capital city (de facto and/or de jure)TanzaniaYes
23%
Countries with coastline on two (or more) different oceansIsraelYes
21%
Landlocked countriesUzbekistanNo
19%
Countries with more than one capital city (de facto and/or de jure)MalaysiaYes
10%

Score Distribution

Percentile by Number Answered

Percent of People with Each Score

Your Score History

You have not taken this quiz